000 00443nmm a2200145Ia 4500
008 251105s9999||||xx |||||||||||||||||und||
041 _aspa
100 _aEscobar, Mario
245 0 _aConspiración Maine
264 _a[Madrid, España] :
_bEdiciones Nowtilus,
_c[Fecha de publicación no identificada]
300 _a424 páginas
650 _aThriller & Suspense
856 _uhttps://public.digitaliapublishing.com/a/84377
942 _cCF
999 _c103878
_d103878